000 00963nam a2200229Ii 4500
003 JO-AjNU
008 230605s9999||||xx |||||||||||||| ||und||
017 _a2018/7/3433
020 _a978- 9923- 15- 003- 0
040 _aJO-AjNU
_bara
_erda
_cJO-AjNU
041 _aara
050 1 4 _aK5256 2020
100 3 _aالجالودي، حسام عبد الكريم,
_eauthor
_959182
245 0 0 _a المواجهة القانونية والأمنية للإرهاب
250 _aط1
264 3 1 _aعمان: الدار العلمية الدولية للنشر والتوزيع؛ دار الثقافة للنشر والتوزيع، 2020
300 _a256ص
_bيحتوي على ملحق من ص 221- 236 ويحتوي على مصادر ومراجع من ص239ص256
336 _atext
_btxt
_2rdacontent
337 _aunmediated
_bn
_2rdamedia
338 _avolume
_bnc
_2rdacarrier
650 4 _aالإرهاب- الجرائم- القانون الجنائي
_959183
999 _aA26619
_c30187
_d30187